Introduction to American policing / (Record no. 3930)

MARC details
000 -LEADER
fixed length control field 01243cam a2200349 a 4500
001 - CONTROL NUMBER
control field 13053039
003 - CONTROL NUMBER IDENTIFIER
control field OSt
005 - DATE AND TIME OF LATEST TRANSACTION
control field 20230704160811.0
008 - FIXED-LENGTH DATA ELEMENTS--GENERAL INFORMATION
fixed length control field 030109s2003 nyua f 001 0 eng d
010 ## - LIBRARY OF CONGRESS CONTROL NUMBER
LC control number 2003268104
020 ## - INTERNATIONAL STANDARD BOOK NUMBER
International Standard Book Number 0028009150
035 ## - SYSTEM CONTROL NUMBER
System control number (OCoLC)ocm51165264
040 ## - CATALOGING SOURCE
Original cataloging agency PVA
Transcribing agency PVA
Modifying agency DLC
042 ## - AUTHENTICATION CODE
Authentication code lccopycat
043 ## - GEOGRAPHIC AREA CODE
Geographic area code n-us---
082 00 - DEWEY DECIMAL CLASSIFICATION NUMBER
Classification number 363.2
Item number CHA
100 1# - MAIN ENTRY--PERSONAL NAME
Personal name Champion, Darl H.
245 10 - TITLE STATEMENT
Title Introduction to American policing /
Statement of responsibility, etc. Darl H. Champion Sr., Michael K. Hooper.
246 30 - VARYING FORM OF TITLE
Title proper/short title American policing
260 ## - PUBLICATION, DISTRIBUTION, ETC. (IMPRINT)
Place of publication, distribution, etc. New York :
Name of publisher, distributor, etc. Glencoe McGraw-Hill,
Date of publication, distribution, etc. c2003
300 ## - PHYSICAL DESCRIPTION
Extent xxxiii, 653 p. :
Other physical details ill.;
Dimensions 26 cm.
504 ## - BIBLIOGRAPHY, ETC. NOTE
Bibliography, etc Includes bibliographical references and index.
650 #0 - SUBJECT ADDED ENTRY--TOPICAL TERM
Topical term or geographic name as entry element Police
Geographic subdivision United States.
650 #0 - SUBJECT ADDED ENTRY--TOPICAL TERM
Topical term or geographic name as entry element Police administration
Geographic subdivision United States.
650 #0 - SUBJECT ADDED ENTRY--TOPICAL TERM
Topical term or geographic name as entry element Law enforcement
Geographic subdivision United States.
700 1# - ADDED ENTRY--PERSONAL NAME
Personal name Hooper, Michael
Fuller form of name (Michael K.)
856 42 - ELECTRONIC LOCATION AND ACCESS
Materials specified Publisher description
Uniform Resource Identifier <a href="http://www.loc.gov/catdir/description/mh031/2003268104.html">http://www.loc.gov/catdir/description/mh031/2003268104.html</a>
856 41 - ELECTRONIC LOCATION AND ACCESS
Materials specified Table of contents
Uniform Resource Identifier <a href="http://www.loc.gov/catdir/toc/mh031/2003268104.html">http://www.loc.gov/catdir/toc/mh031/2003268104.html</a>
906 ## - LOCAL DATA ELEMENT F, LDF (RLIN)
a 7
b cbc
c copycat
d 2
e ncip
f 20
g y-gencatlg
942 ## - ADDED ENTRY ELEMENTS (KOHA)
Source of classification or shelving scheme Dewey Decimal Classification
Koha item type Books
Holdings
Withdrawn status Lost status Source of classification or shelving scheme Damaged status Not for loan Home library Current library Date acquired Total Checkouts Full call number Barcode Date last seen Price effective from Koha item type
    Dewey Decimal Classification     County Hall Archives County Hall Archives 07/04/2023   363.2 CHA 10013851 07/04/2023 07/04/2023 Books
LIBRARY OPENING HOURS

When the Parliament is sitting: 8.00a.m - 7.00p.m or until the house adjourns
Mondays and Fridays and when the House is on Recess:  8.00a.m - 5.00p.m
Closed on Weekends and Public Holidays

Online Public Access Catalog (OPAC)
Website: http://www.parliament.go.ke
Bunge Library: https://libraryir.parliament.go.ke
Contact: library@parliament.go.ke | Tel no: (254-2)2221291 or 2848000 Ext 5043